Dolorosas Coronadas en Sevilla - Estadísticas

Estadísticas generales
  • Esta prueba ha sido intentada 103 veces
  • La puntuación promedio es 17 de 22
Estadísticas de respuestas
Hint Respuesta % Correcto
1964 Virgen de la Esperanza Macarena
100%
1984 Virgen de la Esperanza de Triana
98%
2007 Virgen de la O
98%
1954 Virgen de la Amargura
92%
2025 Virgen del Rocío (Redención)
92%
1999 Virgen de la Estrella
85%
2017 Virgen de la Salud de San Gonzalo
85%
2024 Virgen de la Piedad del Baratillo
81%
1988 Virgen de las Angustias (Los Gitanos)
80%
2002 Virgen de los Dolores del Cerro
78%
2005 Virgen del Rosario de Montesión
76%
2016 Virgen de La Paz
75%
1997 Virgen de las Mercedes (Santa Genoveva)
75%
2009 Virgen de la Caridad del Baratillo
73%
2019 Virgen de los Ángeles (Los Negritos)
73%
2018 Virgen de la Victoria (Las Cigarreras)
71%
2002 Virgen del Valle
71%
1994 Virgen de la Encarnación (San Benito)
64%
2006 Virgen de la Esperanza de la Trinidad
64%
2004 Virgen de la Palma (Buen Fin)
63%
2010 Virgen de Regla (Los Panaderos)
56%
1997 Virgen de Gracia y Esperanza (San Roque)
44%
No se encontraron pruebas coincidentes
Distribución de puntuación
Porcentaje de gente con cada puntuación
Porcentaje por número respondido
Historial de tus puntuaciones
No has intentado esta prueba.